| 000 | 00397nam a2200145 i 4500 | ||
|---|---|---|---|
| 001 | bg | ||
| 100 | 1 | _aKURCYK, T. | |
| 245 | 0 |
_aPole temperatury w jednowymiarowym problemie dużych odkształceń / _cT. Kurcyk, W.K. Nowacki. |
|
| 260 |
_aWarszawa, _c1980. |
||
| 700 | 1 | _aNOWACKI, Wojciech Krzysztof | |
| 040 | _cBPK | ||
| 041 | _apol | ||
| 942 | _cKS | ||
| 008 | s pl f |000 0 pol | ||
| 999 |
_c20828 _d20828 |
||
| 856 |
_uhttp://koha.tu.koszalin.pl/cgi-bin/koha/opac-detail.pl?biblionumber=20828 _yKatalog online BPK |
||